Redeeming law : (Record no. 11190)

MARC details
000 -LEADER
fixed length control field 01263cam a22003132 4500
001 - CONTROL NUMBER
control field 0000018969
005 - DATE AND TIME OF LATEST TRANSACTION
control field 20151217154424.0
008 - FIXED-LENGTH DATA ELEMENTS--GENERAL INFORMATION
fixed length control field 100823s xx 000 0 eng d
020 ## - INTERNATIONAL STANDARD BOOK NUMBER
International Standard Book Number 0830825998 :
040 ## - CATALOGING SOURCE
Original cataloging agency KABU
Transcribing agency KABU
100 1# - MAIN ENTRY--PERSONAL NAME
Personal name Schutt, Michael P.
-- 0000178475
245 10 - TITLE STATEMENT
Title Redeeming law :
Remainder of title christian calling and the legal profession /
Statement of responsibility, etc. Michael P. Schutt.
250 ## - EDITION STATEMENT
Edition statement 1st ed.
260 ## - PUBLICATION, DISTRIBUTION, ETC. (IMPRINT)
Place of publication, distribution, etc. Downers Grove, IL. :
Name of publisher, distributor, etc. Inter-Varsity Press,
Date of publication, distribution, etc. 2007.
300 ## - PHYSICAL DESCRIPTION
Extent 290 p.
650 #0 - SUBJECT ADDED ENTRY--TOPICAL TERM
Topical term or geographic name as entry element Christian lawyers
Geographic subdivision United States.
-- 0000178476
650 #0 - SUBJECT ADDED ENTRY--TOPICAL TERM
Topical term or geographic name as entry element Practice of law
General subdivision Religious aspects.
-- 0000178477
650 #0 - SUBJECT ADDED ENTRY--TOPICAL TERM
Topical term or geographic name as entry element Christianity and justice.
-- 0000178478
852 1# - LOCATION
-- p1000 KES
852 1# - LOCATION
-- p7000 KES
852 1# - LOCATION
-- p7000 KES
852 1# - LOCATION
-- p7000 KES
852 1# - LOCATION
-- p7000 KES
852 1# - LOCATION
-- p7000 KES
852 1# - LOCATION
-- p7000 KES
852 1# - LOCATION
-- p7000 KES
908 ## - PUT COMMAND PARAMETER (RLIN)
Put command parameter 100823
950 ## - LOCAL HOLDINGS (RLIN)
-- 1
Holdings
Withdrawn status Lost status Source of classification or shelving scheme Not for loan Home library Current library Date acquired Total Checkouts Full call number Barcode Date last seen Date last checked out Price effective from Koha item type
    Library of Congress Classification   Kabarak, Main Campus Kabarak, Main Campus 17/12/2015 9 KF298 .S38 2007 c. 1 24152 19/06/2021 13/05/2021 17/12/2015 General Collection
    Library of Congress Classification   Kabarak, Main Campus Kabarak, Main Campus 17/12/2015 2 KF298 .S38 2007 c. 2 020385 21/11/2018 03/11/2018 17/12/2015 General Collection
    Library of Congress Classification   Kabarak, Main Campus Kabarak, Main Campus 17/12/2015 2 KF298 .S38 2007 c. 3 020425 23/10/2019 05/10/2019 17/12/2015 General Collection
    Library of Congress Classification   Kabarak, Main Campus Kabarak, Main Campus 17/12/2015 1 KF298 .S38 2007 c. 4 020424 09/12/2017 15/11/2017 17/12/2015 General Collection
    Library of Congress Classification   Kabarak, Main Campus Kabarak, Main Campus 17/12/2015 1 KF298 .S38 2007 c. 5 020427 12/11/2019 04/11/2019 17/12/2015 General Collection
    Library of Congress Classification   Kabarak, Main Campus Kabarak, Main Campus 17/12/2015   KF298 .S38 2007 c. 6 020423 17/12/2015   17/12/2015 General Collection
    Library of Congress Classification   Kabarak, Main Campus Kabarak, Main Campus 17/12/2015 2 KF298 .S38 2007 c. 7 020426 06/07/2019 20/06/2019 17/12/2015 General Collection
    Library of Congress Classification   Kabarak, Main Campus Kabarak, Main Campus 17/12/2015 1 KF298 .S38 2007 c. 8 020421 06/10/2018 20/09/2018 17/12/2015 General Collection
Designed with assistance from East African Informatics Ltd